[Event "POL-chT 2nd League"]
[Site "Szklarska Poreba"]
[Date "2017.09.05"]
[Round "4.17"]
[White "Augustyn, Jan"]
[Black "Zebracki, Jaroslaw"]
[Result "1-0"]
[WhiteElo "1728"]
[BlackElo "1868"]
[PlyCount "171"]
[EventDate "2017.09.02"]
[EventType "team-swiss"]
[EventRounds "9"]
[EventCountry "POL"]
[SourceTitle "CBM 180 Extra"]
[Source "ChessBase"]
[SourceDate "2017.10.06"]
[SourceVersion "1"]
[SourceVersionDate "2017.10.06"]
[SourceQuality "1"]
[WhiteTeam "Rzeszow"]
[BlackTeam "Bydgoszcz Wiartrak"]
[WhiteTeamCountry "POL"]
[BlackTeamCountry "POL"]

1. c4 c5 2. Nc3 Nc6 3. Nf3 g6 4. g3 Bg7 5. Bg2 e6 6. e4 Nge7 7. 0-0 0-0 8. Re1 d6 9. d3 a6 10. Be3 e5 11. Qd2 Rb8 12. a4 Na5 13. Ra3 Be6 14. Ng5 Nec6 15. Nxe6 fxe6 16. Bh3 Qe7 17. Ne2 Rbd8 18. Rf1 b6 19. Qc1 Nb4 20. Bd2 Nac6 21. f3 d5 22. cxd5 exd5 23. exd5 Rxd5 24. f4 Kh8 25. Qc4 Rfd8 26. fxe5 Nxe5 27. Qe4 Rxd3 28. Rxd3 Rxd3 29. Bc3 Rd8 30. Nf4 Re8 31. Ne6 Nbc6 32. Rd1 Nd4 33. Nxd4 cxd4 34. Rxd4 Nf7 35. Qxe7 Rxe7 36. Rd3 Bxc3 37. Rxc3 Re1+ 38. Kf2 Re4 39. b3 Ng5 40. Bg2 Rb4 41. Ke3 Kg7 42. Bb7 a5 43. Bd5 b5 44. h4 Nh3 45. axb5 Rxb5 46. Bg2 g5 47. Bxh3 gxh4 48. g4 Kf6 49. Kd4 Rb4+ 50. Kd3 a4 51. bxa4 Rxa4 52. Ke3 Kg5 53. Rd3 Rb4 54. Kf2 Rf4+ 55. Kg2 Ra4 56. Rf3 Rf4 57. Re3 h6 58. Re5+ Kg6 59. Rh5 Ra4 60. Rxh4 Ra2+ 61. Kg3 Ra3+ 62. Kh2 Ra2+ 63. Bg2 Kg5 64. Rh5+ Kxg4 65. Rxh6 Rb2 66. Rg6+ Kf5 67. Rg3 Kf4 68. Kh3 Rb8 69. Rg4+ Ke5 70. Bf3 Rd8 71. Kg3 Rd4 72. Rg5+ Kf6 73. Rc5 Rb4 74. Kf2 Rb2+ 75. Ke3 Rb3+ 76. Kf4 Rb4+ 77. Be4 Rb6 78. Rg5 Rb4 79. Rg6+ Kf7 80. Rc6 Kg7 81. Ke5 Rb5+ 82. Bd5 Rb2 83. Rd6 Re2+ 84. Be4 Re1 85. Rd7+ Kh8 86. Kf5 1-0

[Event "POL-chT 2nd League"]
[Site "Jastrzebia Gora"]
[Date "2016.09.11"]
[Round "9.65"]
[White "Zebracki, Jaroslaw"]
[Black "Faron, Rafal"]
[Result "1-0"]
[WhiteElo "1841"]
[BlackElo "2062"]
[PlyCount "66"]
[EventDate "2016.09.03"]
[EventType "team-swiss"]
[EventRounds "9"]
[EventCountry "POL"]
[SourceTitle "EXT 2017"]
[Source "ChessBase"]
[SourceDate "2016.10.25"]
[SourceVersion "1"]
[SourceVersionDate "2016.10.25"]
[SourceQuality "1"]
[WhiteTeam "Bydgoszcz Wiartrak"]
[BlackTeam "Podlesie UKS 21"]
[WhiteTeamCountry "POL"]
[BlackTeamCountry "POL"]

1. d4 d5 2. Nf3 Nf6 3. e3 g6 4. Bd3 Bg7 5. 0-0 0-0 6. b3 c5 7. Bb2 Nfd7 8. Re1 Nc6 9. c4 dxc4 10. Bxc4 cxd4 11. exd4 Nb6 12. Bb5 Bd7 13. Na3 a6 14. Be2 Nd5 15. Qd2 Rc8 16. Rac1 b5 17. Nc2 e6 18. Ne3 Bh6 19. h3 Na5 20. Rxc8 Bxc8 21. b4 Nc6 22. g3 Bb7 23. Qd3 Bg7 24. Rd1 Qd6 25. Ng5 Nf6 26. Bf3 Rd8 27. d5 Ne5 28. Bxe5 Qxe5 29. Nxf7 Kxf7 30. dxe6+ Kxe6 31. Qxd8 Bxf3 32. Rc1 Nd5 33. Nxd5 Bxd5 1-0

[Event "POL-chT 2nd League"]
[Site "Jastrzebia Gora"]
[Date "2016.09.07"]
[Round "5.71"]
[White "Krasiewicz, Robert"]
[Black "Zebracki, Jaroslaw"]
[Result "1-0"]
[WhiteElo "2097"]
[BlackElo "1841"]
[PlyCount "43"]
[EventDate "2016.09.03"]
[EventType "team-swiss"]
[EventRounds "9"]
[EventCountry "POL"]
[SourceTitle "EXT 2017"]
[Source "ChessBase"]
[SourceDate "2016.10.25"]
[SourceVersion "1"]
[SourceVersionDate "2016.10.25"]
[SourceQuality "1"]
[WhiteTeam "Zielonka Zieloni"]
[BlackTeam "Bydgoszcz Wiartrak"]
[WhiteTeamCountry "POL"]
[BlackTeamCountry "POL"]

1. d4 d5 2. Nf3 Nf6 3. e3 e6 4. Bd3 c5 5. b3 cxd4 6. exd4 Nc6 7. a3 Bd6 8. Bb2 Qc7 9. Qe2 0-0 10. Nbd2 Re8 11. Ne5 Nd7 12. Bxh7+ Kf8 13. f4 Bxe5 14. fxe5 g6 15. h4 Kg7 16. h5 Rh8 17. hxg6 fxg6 18. Qf2 Ncxe5 19. dxe5 Qxc2 20. Qh4 Rf8 21. Qh6+ Kf7 22. Bxg6+ 1-0

[Event "POL-chT 2nd League"]
[Site "Jastrzebia Gora"]
[Date "2016.09.03"]
[Round "1.83"]
[White "Skowronski, Piotr"]
[Black "Zebracki, Jaroslaw"]
[Result "1-0"]
[WhiteElo "2042"]
[BlackElo "1841"]
[PlyCount "75"]
[EventDate "2016.09.03"]
[EventType "team-swiss"]
[EventRounds "9"]
[EventCountry "POL"]
[SourceTitle "EXT 2017"]
[Source "ChessBase"]
[SourceDate "2016.10.25"]
[SourceVersion "1"]
[SourceVersionDate "2016.10.25"]
[SourceQuality "1"]
[WhiteTeam "Bydgoszcz Hetman"]
[BlackTeam "Bydgoszcz Wiartrak"]
[WhiteTeamCountry "POL"]
[BlackTeamCountry "POL"]

1. c4 Nf6 2. Nc3 e6 3. d4 Bb4 4. Qc2 Nc6 5. e3 0-0 6. Bd3 d6 7. Bd2 Bxc3 8. Bxc3 Qe7 9. Ne2 e5 10. d5 Nb8 11. Ng3 a5 12. 0-0 c6 13. e4 c5 14. Rae1 Ng4 15. h3 Nh6 16. Nf5 Bxf5 17. exf5 f6 18. Bd2 Nf7 19. Qd1 Nd7 20. Qh5 Rfc8 21. g4 Qe8 22. Qh4 Qd8 23. Qg3 Rab8 24. b3 Ra8 25. a4 Nf8 26. Re2 h6 27. Rfe1 Rc7 28. Bc2 Rd7 29. h4 Nh7 30. Re4 Kf8 31. f4 b6 32. Kg2 Raa7 33. Qf3 Rab7 34. Rh1 Kg8 35. g5 fxg5 36. fxg5 hxg5 37. Rg4 gxh4 38. f6 1-0

[Event "POL-chT3 Kujawsko Pomorskie 1314"]
[Site "Poland"]
[Date "2014.??.??"]
[Round "11.13"]
[White "Zebracki, Jaroslaw"]
[Black "Szczesniak, Andrzej"]
[Result "1-0"]
[WhiteElo "1818"]
[BlackElo "2013"]
[PlyCount "65"]
[EventDate "2013.11.03"]
[EventType "team-tourn"]
[EventRounds "11"]
[EventCountry "POL"]
[SourceTitle "EXT 2018"]
[Source "ChessBase"]
[SourceDate "2017.10.13"]
[SourceVersion "1"]
[SourceVersionDate "2017.10.13"]
[SourceQuality "1"]
[WhiteTeam "Bydgoszcz UKS MDK nr 5"]
[BlackTeam "Grudziadz Rotmistrz III"]
[WhiteTeamCountry "POL"]
[BlackTeamCountry "POL"]

1. e4 c5 2. c3 Qa5 3. Na3 e6 4. Nc4 Qc7 5. d4 cxd4 6. cxd4 d5 7. exd5 exd5 8. Ne3 Nf6 9. Bb5+ Nc6 10. Qb3 Be6 11. Nf3 Bd6 12. Bd2 0-0 13. 0-0 Rfd8 14. Rac1 Ne4 15. Bc3 Rac8 16. Qa4 Qe7 17. Rfe1 a6 18. Bd3 Nxc3 19. bxc3 Qf6 20. Rb1 Rc7 21. Rb6 Ne7 22. Rxd6 Rdc8 23. Qa5 g6 24. Rd8+ Kg7 25. Rxc8 Rxc8 26. Ne5 Nc6 27. Nxc6 Rxc6 28. Rb1 Qe7 29. Be2 Qd7 30. c4 b6 31. Rxb6 Rxb6 32. Qxb6 dxc4 33. d5 1-0

[Event "POL-chT3 Kujawsko Pomorskie 1213"]
[Site "Poland"]
[Date "2013.03.24"]
[Round "11.16"]
[White "Sliwicki, Damian"]
[Black "Zebracki, Jaroslaw"]
[Result "1-0"]
[WhiteElo "2015"]
[BlackElo "1821"]
[PlyCount "33"]
[EventDate "2012.11.04"]
[EventType "team-tourn"]
[EventRounds "11"]
[EventCountry "POL"]
[SourceTitle "EXT 2015"]
[Source "ChessBase"]
[SourceDate "2014.11.20"]
[SourceVersion "1"]
[SourceVersionDate "2014.11.20"]
[SourceQuality "1"]
[WhiteTeam "Torun UKS OPP"]
[BlackTeam "Bydgoszcz UKS MDK nr 5"]
[WhiteTeamCountry "POL"]
[BlackTeamCountry "POL"]

1. e4 d5 2. exd5 Qxd5 3. Nf3 Bg4 4. Be2 Nc6 5. d4 0-0-0 6. c4 Qf5 7. Be3 e5 8. d5 Nb4 9. 0-0 Nf6 10. a3 Bxf3 11. axb4 Bxg2 12. Kxg2 h5 13. Rxa7 b5 14. Nc3 Ng4 15. Nxb5 Bd6 16. Qa4 c6 17. Qa6+ 1-0

[Event "POL-chT3 Kujawsko Pomorskie 1213"]
[Site "Poland"]
[Date "2013.02.10"]
[Round "8.21"]
[White "Zebracki, Jaroslaw"]
[Black "Zolnierowicz, Krzysztof"]
[Result "0-1"]
[WhiteElo "1821"]
[BlackElo "2166"]
[PlyCount "66"]
[EventDate "2012.11.04"]
[EventType "team-tourn"]
[EventRounds "11"]
[EventCountry "POL"]
[SourceTitle "EXT 2015"]
[Source "ChessBase"]
[SourceDate "2014.11.20"]
[SourceVersion "1"]
[SourceVersionDate "2014.11.20"]
[SourceQuality "1"]
[WhiteTeam "Bydgoszcz UKS MDK nr 5"]
[BlackTeam "Swiecie Gambit"]
[WhiteTeamCountry "POL"]
[BlackTeamCountry "POL"]

1. d4 Nf6 2. Nc3 d5 3. Bg5 Bf5 4. e3 c6 5. Bd3 Bxd3 6. Qxd3 Nbd7 7. Nf3 e6 8. 0-0 Be7 9. a4 0-0 10. Ne5 Nxe5 11. dxe5 Nd7 12. Bxe7 Qxe7 13. f4 f6 14. exf6 Rxf6 15. e4 Qc5+ 16. Kh1 Raf8 17. f5 Ne5 18. Qh3 exf5 19. exd5 cxd5 20. b4 Qc4 21. Rad1 d4 22. Nb5 Rh6 23. Qb3 Qxb3 24. cxb3 Ng4 25. Rxd4 Nxh2 26. Kg1 Nxf1 27. Kxf1 a6 28. Nd6 Rd8 29. Nxf5 Rf8 30. Rf4 Rhf6 31. Ne7+ Kh8 32. Rxf6 Rxf6+ 33. Kg1 Rf4 0-1

[Event "POL-chT3 Kujawsko Pomorskie 1213"]
[Site "Poland"]
[Date "2013.01.13"]
[Round "6.26"]
[White "Zebracki, Jaroslaw"]
[Black "Jaroch, Karol"]
[Result "0-1"]
[WhiteElo "1821"]
[BlackElo "2238"]
[PlyCount "92"]
[EventDate "2012.11.04"]
[EventType "team-tourn"]
[EventRounds "11"]
[EventCountry "POL"]
[SourceTitle "EXT 2015"]
[Source "ChessBase"]
[SourceDate "2014.11.20"]
[SourceVersion "1"]
[SourceVersionDate "2014.11.20"]
[SourceQuality "1"]
[WhiteTeam "Bydgoszcz UKS MDK nr 5"]
[BlackTeam "Bydgoszcz SSz Pocztowiec"]
[WhiteTeamCountry "POL"]
[BlackTeamCountry "POL"]

1. d4 d5 2. Nc3 Bf5 3. Bg5 c6 4. e3 Nd7 5. Bd3 Bxd3 6. cxd3 Qb6 7. Qd2 f6 8. Bh4 Nh6 9. Nf3 Nf5 10. 0-0 e5 11. dxe5 Nxe5 12. Bg3 Nxf3+ 13. gxf3 h5 14. h3 Rh6 15. Kh1 Nxg3+ 16. fxg3 Rg6 17. Rg1 0-0-0 18. d4 Qc7 19. Ne2 Qd7 20. Kh2 Bd6 21. Nf4 Rh6 22. Kg2 Re8 23. b4 h4 24. g4 Qe7 25. Kf2 Bxb4 26. Qd3 Bd6 27. Rge1 g5 28. Ne2 Qh7 29. Qxh7 Rxh7 30. Red1 Rhe7 31. Rd3 b6 32. Rc1 Kb7 33. Nc3 Bg3+ 34. Ke2 Rxe3+ 35. Rxe3 Rxe3+ 36. Kxe3 Bf4+ 37. Kd3 Bxc1 38. Ne2 Bf4 39. Nc3 b5 40. a4 a6 41. Kc2 Kb6 42. Kb3 Be3 43. Ne2 bxa4+ 44. Kxa4 c5 45. dxc5+ Kxc5 46. Nc3 Kc4 0-1

[Event "POL-chT3 Kujawsko Pomorskie 1314"]
[Site "Poland"]
[Date "2013.??.??"]
[Round "3.24"]
[White "Zebracki, Jaroslaw"]
[Black "Tamon, Radoslaw"]
[Result "1-0"]
[WhiteElo "1818"]
[BlackElo "1672"]
[PlyCount "87"]
[EventDate "2013.11.03"]
[EventType "team-tourn"]
[EventRounds "11"]
[EventCountry "POL"]
[SourceTitle "EXT 2015"]
[Source "ChessBase"]
[SourceDate "2014.11.20"]
[SourceVersion "1"]
[SourceVersionDate "2014.11.20"]
[SourceQuality "1"]
[WhiteTeam "Bydgoszcz UKS MDK nr 5"]
[BlackTeam "Torun UKS OPP"]
[WhiteTeamCountry "POL"]
[BlackTeamCountry "POL"]

1. d4 Nf6 2. Nc3 c5 3. dxc5 e6 4. Be3 Nc6 5. a3 Ng4 6. Bf4 Bxc5 7. e3 d5 8. Qxg4 Qf6 9. Qg5 Qxg5 10. Bxg5 h5 11. h3 f6 12. Bh4 Bd6 13. Nge2 g5 14. Bg3 Bxg3 15. Nxg3 h4 16. Nge2 0-0 17. Nd4 Ne7 18. 0-0-0 a6 19. e4 e5 20. Nb3 d4 21. Bc4+ Kg7 22. Nd5 b5 23. Nxe7 bxc4 24. Nxc8 Rfxc8 25. Nd2 Rab8 26. Nf3 Rb7 27. Kd2 Rxb2 28. Rb1 Rcb8 29. Rxb2 Rxb2 30. Ra1 c3+ 31. Kd3 Kf7 32. g3 hxg3 33. fxg3 Ke6 34. h4 gxh4 35. gxh4 f5 36. exf5+ Kxf5 37. Re1 Ra2 38. Nxe5 Rxa3 39. h5 Kg5 40. Rh1 Kh6 41. Ng4+ Kh7 42. h6 Ra5 43. Nf6+ Kh8 44. Rg1 1-0

[Event "POL-chT3 Kujawsko Pomorskie 1213"]
[Site "Poland"]
[Date "2012.11.04"]
[Round "1.11"]
[White "Zebracki, Jaroslaw"]
[Black "Gawronski, Miroslaw"]
[Result "0-1"]
[WhiteElo "1821"]
[BlackElo "2128"]
[PlyCount "94"]
[EventDate "2012.11.04"]
[EventType "team-tourn"]
[EventRounds "11"]
[EventCountry "POL"]
[SourceTitle "EXT 2015"]
[Source "ChessBase"]
[SourceDate "2014.11.20"]
[SourceVersion "1"]
[SourceVersionDate "2014.11.20"]
[SourceQuality "1"]
[WhiteTeam "Bydgoszcz UKS MDK nr 5"]
[BlackTeam "Inowroclaw OSiR Pozkal"]
[WhiteTeamCountry "POL"]
[BlackTeamCountry "POL"]

1. d4 d5 2. Nc3 Nf6 3. Bg5 Bf5 4. e3 e6 5. Bd3 Bg6 6. h4 Be7 7. Bxf6 Bxf6 8. h5 Bxd3 9. Qxd3 a6 10. 0-0-0 c5 11. dxc5 Qa5 12. Nge2 Nc6 13. a3 Ne5 14. Qd4 Nc4 15. Qf4 Qxc5 16. h6 Rc8 17. Rd3 b5 18. hxg7 Bxg7 19. Qg5 Kf8 20. e4 h6 21. Qh5 b4 22. exd5 bxc3 23. b4 Qe7 24. dxe6 Qg5+ 25. Qxg5 hxg5 26. Rxh8+ Bxh8 27. exf7 Kxf7 28. Rd7+ Kg6 29. Ra7 Rc6 30. a4 Re6 31. Kd1 Nb2+ 32. Ke1 Nxa4 33. Kf1 Rd6 34. g4 Be5 35. Kg2 Nb2 36. Nc1 Rb6 37. Nb3 Bd6 38. Nc5 Bxc5 39. bxc5 Rc6 40. Ra8 Na4 41. Rg8+ Kh6 42. Rh8+ Kg7 43. Rh5 Rxc5 44. Rh1 Nb6 45. Rb1 Nd5 46. Ra1 Nb4 47. Kg3 a5 0-1

[Event "Polanica Zdroj op-D 48th"]
[Site "Polanica Zdroj"]
[Date "2012.08.26"]
[Round "9"]
[White "Zebracki, Jaroslaw"]
[Black "Wacior, Maciej"]
[Result "0-1"]
[WhiteElo "1838"]
[BlackElo "1669"]
[PlyCount "78"]
[EventDate "2012.08.18"]
[EventType "swiss"]
[EventRounds "9"]
[EventCountry "POL"]
[SourceTitle "EXT 2014"]
[Source "ChessBase"]
[SourceDate "2013.11.20"]
[SourceVersion "1"]
[SourceVersionDate "2013.11.20"]
[SourceQuality "1"]

1. d4 Nf6 2. Nc3 d5 3. Bg5 Bf5 4. e3 e6 5. Bd3 Bxd3 6. Qxd3 c6 7. e4 Be7 8. e5 Nfd7 9. Bxe7 Qxe7 10. f4 a6 11. Nf3 c5 12. 0-0 Nc6 13. Ne2 c4 14. Qd2 Qb4 15. c3 Qb6 16. Kh1 a5 17. b3 cxb3 18. axb3 Qxb3 19. Rfb1 Qc4 20. Rxb7 h6 21. Qc2 Qa6 22. Rb2 Nb6 23. Rba2 0-0 24. g4 Rfc8 25. Qd1 Nc4 26. Qd3 Rcb8 27. f5 Nb2 28. Qxa6 Rxa6 29. fxe6 fxe6 30. g5 Ra7 31. Kg2 Rf7 32. gxh6 gxh6 33. Rb1 Rfb7 34. Nf4 Nd3 35. Rxb7 Nxf4+ 36. Kg3 Rxb7 37. Kxf4 Rb3 38. Rc2 a4 39. c4 Rxf3+ 0-1

[Event "Polanica Zdroj op-D 48th"]
[Site "Polanica Zdroj"]
[Date "2012.08.23"]
[Round "6"]
[White "Karp, Maciej"]
[Black "Zebracki, Jaroslaw"]
[Result "0-1"]
[WhiteElo "1409"]
[BlackElo "1838"]
[PlyCount "38"]
[EventDate "2012.08.18"]
[EventType "swiss"]
[EventRounds "9"]
[EventCountry "POL"]
[SourceTitle "EXT 2014"]
[Source "ChessBase"]
[SourceDate "2013.11.20"]
[SourceVersion "1"]
[SourceVersionDate "2013.11.20"]
[SourceQuality "1"]

1. e4 d5 2. exd5 Qxd5 3. c4 Qa5 4. Nc3 e5 5. Nf3 Nc6 6. d4 Bb4 7. d5 Bxc3+ 8. bxc3 Nd4 9. Bd2 Nxf3+ 10. Qxf3 Nf6 11. Qg3 0-0 12. Be2 Ne4 13. Qxe5 Bg4 14. f3 Nxd2 15. Kxd2 Rfe8 16. Qg5 Bd7 17. Qf4 c6 18. dxc6 Bxc6 19. Rhc1 Qb6 0-1

[Event "Kujawsko Pomorskie-ch op-A 65th"]
[Site "Szubin"]
[Date "2012.08.15"]
[Round "4.4"]
[White "Kroczka, Gromoslaw"]
[Black "Zebracki, Jaroslaw"]
[Result "0-1"]
[WhiteElo "1571"]
[BlackElo "1838"]
[PlyCount "63"]
[EventDate "2012.08.09"]
[EventType "swiss"]
[EventRounds "9"]
[EventCountry "POL"]
[SourceTitle "EXT 2023"]
[Source "ChessBase"]
[SourceDate "2022.10.05"]
[SourceVersion "1"]
[SourceVersionDate "2022.10.05"]
[SourceQuality "1"]

1. e4 d5 2. exd5 Qxd5 3. Nc3 Qa5 4. d4 Nf6 5. Nf3 Nc6 6. Bd2 Bg4 7. Be2 0-0-0 8. Ng5 Bxe2 9. Nxe2 Qd5 10. Nf3 e5 11. Be3 exd4 12. Nexd4 Nxd4 13. Qxd4 Qa5+ 14. Bd2 Qa6 15. Qf4 Bd6 16. Qf5+ Kb8 17. 0-0-0 Qxa2 18. Qa5 Qxa5 19. Bxa5 Ng4 20. Rhf1 Bf4+ 21. Bd2 Bd6 22. h3 Ne5 23. Nxe5 Bxe5 24. Bg5 f6 25. Be3 b6 26. f4 Bd6 27. f5 Rhe8 28. Bd4 Re2 29. g4 Rde8 30. Rd2 Re1+ 31. Rxe1 Rxe1+ 32. Rd1 0-1

[Event "Kujawsko Pomorskie-ch op-A 65th"]
[Site "Szubin"]
[Date "2012.08.15"]
[Round "7.6"]
[White "Zebracki, Jaroslaw"]
[Black "Mlodzinska, Irena"]
[Result "0-1"]
[WhiteElo "1838"]
[BlackElo "1916"]
[PlyCount "112"]
[EventDate "2012.08.09"]
[EventType "swiss"]
[EventRounds "9"]
[EventCountry "POL"]
[SourceTitle "EXT 2023"]
[Source "ChessBase"]
[SourceDate "2022.10.05"]
[SourceVersion "1"]
[SourceVersionDate "2022.10.05"]
[SourceQuality "1"]

1. d4 Nf6 2. Nc3 e6 3. Bg5 d5 4. e4 dxe4 5. Nxe4 Be7 6. Bxf6 gxf6 7. Nf3 c6 8. c3 Qc7 9. Qd2 h5 10. Bc4 Nd7 11. 0-0-0 b6 12. Bb3 Bb7 13. Qe2 0-0-0 14. Kb1 Nf8 15. Rc1 Kb8 16. Rhd1 Ng6 17. g3 h4 18. c4 f5 19. Neg5 Bxg5 20. Nxg5 f4 21. d5 Qe7 22. gxf4 Qf6 23. dxe6 Nxf4 24. Qg4 fxe6 25. Ne4 Qe5 26. Bc2 c5 27. Rxd8+ Rxd8 28. Nc3 h3 29. Qg3 Rf8 30. Rd1 a6 31. a3 Bc6 32. Ka2 b5 33. Rd2 Qc7 34. Ne2 Nxe2 35. Rxe2 Qxg3 36. fxg3 Bd7 37. cxb5 Bxb5 38. Rd2 Kc7 39. a4 Bc6 40. Bb3 e5 41. Be6 Rh8 42. Kb3 e4 43. Re2 Kd6 44. Bg4 Ke5 45. Kc4 Bxa4 46. Kxc5 Bd1 47. Rxe4+ Kxe4 48. Bxd1 Ke3 49. b3 Kf2 50. Kb6 Rh6+ 51. Ka5 Kg2 52. Be2 Kxh2 53. g4 Kg3 54. g5 Rg6 55. Bxa6 Rxa6+ 56. Kxa6 h2 0-1

[Event "Polanica Zdroj op-B 46th"]
[Site "Polanica Zdroj"]
[Date "2010.08.22"]
[Round "5"]
[White "Zebracki, Jaroslaw"]
[Black "Maslanka, Piotr"]
[Result "1-0"]
[WhiteElo "1847"]
[BlackElo "1697"]
[PlyCount "73"]
[EventDate "2010.08.18"]
[EventType "swiss"]
[EventRounds "9"]
[EventCountry "POL"]
[SourceTitle "CBM 138 Extra"]
[Source "ChessBase"]
[SourceDate "2010.10.29"]
[SourceVersion "1"]
[SourceVersionDate "2010.10.29"]
[SourceQuality "1"]

1. e4 d6 2. d4 Nf6 3. Nc3 g6 4. f4 Bg4 5. Nf3 Bg7 6. Be3 0-0 7. h3 Bxf3 8. Qxf3 c6 9. Bc4 Nbd7 10. e5 Ne8 11. h4 Nb6 12. Bd3 Nc7 13. h5 Ncd5 14. hxg6 Nxe3 15. gxf7+ Rxf7 16. Bxh7+ Kf8 17. Qxe3 dxe5 18. fxe5 Nd5 19. Nxd5 Qxd5 20. Be4 Qe6 21. Rf1 Rd8 22. Rxf7+ Kxf7 23. c3 Rh8 24. Ke2 Bh6 25. Qf3+ Ke8 26. Qf5 Qxf5 27. Bxf5 Rg8 28. Be4 e6 29. a4 Kd7 30. a5 a6 31. b4 Kc7 32. Rf1 Rf8 33. Rf6 Rxf6 34. exf6 Kd7 35. f7 Ke7 36. b5 axb5 37. Bxc6 1-0

[Event "Polanica Zdroj op-B 46th"]
[Site "Polanica Zdroj"]
[Date "2010.08.20"]
[Round "3"]
[White "Zebracki, Jaroslaw"]
[Black "Mahor, Maksymilian"]
[Result "1-0"]
[WhiteElo "1847"]
[BlackElo "1641"]
[PlyCount "63"]
[EventDate "2010.08.18"]
[EventType "swiss"]
[EventRounds "9"]
[EventCountry "POL"]
[SourceTitle "CBM 138 Extra"]
[Source "ChessBase"]
[SourceDate "2010.10.29"]
[SourceVersion "1"]
[SourceVersionDate "2010.10.29"]
[SourceQuality "1"]

1. e4 c5 2. Nc3 Nc6 3. g3 g6 4. Bg2 Bg7 5. d3 d6 6. f4 Nf6 7. Nf3 0-0 8. h3 h6 9. a4 Qd7 10. 0-0 b6 11. Bd2 Bb7 12. Qe1 Nd4 13. Nxd4 cxd4 14. Ne2 Rac8 15. c3 dxc3 16. Bxc3 b5 17. axb5 Qxb5 18. Rd1 Nd7 19. Bxg7 Kxg7 20. Kh2 Nc5 21. Qd2 Nb3 22. Qe3 Rc2 23. Rb1 Nd2 24. Rfc1 Rxc1 25. Rxc1 Qxb2 26. Rc7 Ba8 27. Rxe7 Nb3 28. f5 Bc6 29. e5 dxe5 30. Bxc6 Rc8 31. Bd5 Rc2 32. f6+ 1-0

[Event "Torun-Bydgoszcz"]
[Site "Torun"]
[Date "2009.12.13"]
[Round "?.17"]
[White "Zuba, Maciej"]
[Black "Zebracki, Jaroslaw"]
[Result "1/2-1/2"]
[WhiteElo "1952"]
[BlackElo "1859"]
[PlyCount "61"]
[EventDate "2009.12.13"]
[EventType "team-match"]
[EventRounds "1"]
[EventCountry "POL"]
[SourceTitle "EXT 2018"]
[Source "ChessBase"]
[SourceDate "2017.10.13"]
[SourceVersion "1"]
[SourceVersionDate "2017.10.13"]
[SourceQuality "1"]

1. d4 d5 2. Nf3 Nf6 3. c4 dxc4 4. e3 e6 5. Bxc4 c5 6. Nc3 a6 7. a4 Nc6 8. 0-0 Be7 9. Qe2 cxd4 10. Rd1 d3 11. Bxd3 Bd7 12. e4 Nb4 13. Bc4 Qc7 14. e5 Nfd5 15. Bxd5 Nxd5 16. Nxd5 exd5 17. Rxd5 Bxa4 18. Rxa4 Qxc1+ 19. Rd1 Qc6 20. Rc4 Qb6 21. e6 fxe6 22. Ne5 Qb5 23. Nd7 Kf7 24. Rf4+ Bf6 25. Qf3 Qxb2 26. Qh5+ Ke7 27. Qc5+ Ke8 28. Nxf6+ gxf6 29. Qh5+ Ke7 30. Qc5+ Ke8 31. Qh5+ 1/2-1/2

[Event "Kowalewo Pomorskie op"]
[Site "Kowalewo Pomorskie"]
[Date "2008.07.08"]
[Round "6"]
[White "Zebracki, Jaroslaw"]
[Black "Krzywkowski, Marcin"]
[Result "1/2-1/2"]
[WhiteElo "1906"]
[BlackElo "1909"]
[PlyCount "57"]
[EventDate "2008.07.04"]
[EventType "swiss"]
[EventRounds "9"]
[EventCountry "POL"]
[SourceTitle "CBM 125 Extra"]
[Source "ChessBase"]
[SourceDate "2008.09.01"]
[SourceVersion "1"]
[SourceVersionDate "2008.09.01"]
[SourceQuality "1"]

1. e4 c5 2. Nf3 d6 3. c3 Nf6 4. Be2 Nc6 5. d4 cxd4 6. cxd4 Nxe4 7. d5 Qa5+ 8. Nc3 Nb8 9. 0-0 Nxc3 10. bxc3 g6 11. Qd4 f6 12. Rb1 Qc5 13. Bb5+ Kf7 14. Qf4 Bf5 15. Rb3 h5 16. Nh4 Bc2 17. Be3 Bh6 18. Be8+ Kf8 19. Nxg6+ Bxg6 20. Qg3 Bxe3 21. Qxg6 Qxd5 22. Rb5 Qe6 23. Re1 Rg8 24. Qxh5 Qxa2 25. Rb2 Qc4 26. Rxe3 Rg5 27. Qh7 Rg7 28. Qh8+ Rg8 29. Qh5 1/2-1/2

[Event "Kowalewo Pomorskie op"]
[Site "Kowalewo Pomorskie"]
[Date "2008.07.07"]
[Round "4"]
[White "Klugiewicz, Jozef"]
[Black "Zebracki, Jaroslaw"]
[Result "1-0"]
[WhiteElo "1999"]
[BlackElo "1906"]
[PlyCount "101"]
[EventDate "2008.07.04"]
[EventType "swiss"]
[EventRounds "9"]
[EventCountry "POL"]
[SourceTitle "CBM 125 Extra"]
[Source "ChessBase"]
[SourceDate "2008.09.01"]
[SourceVersion "1"]
[SourceVersionDate "2008.09.01"]
[SourceQuality "1"]

1. Nf3 d5 2. c4 e6 3. b3 Nf6 4. g3 Ne4 5. Bb2 Bc5 6. e3 0-0 7. Bg2 c6 8. 0-0 Nd7 9. d3 Nef6 10. Qe2 Re8 11. e4 dxe4 12. dxe4 e5 13. Rd1 Qc7 14. Nc3 a5 15. a3 Nf8 16. Na4 Ba7 17. c5 Ng6 18. b4 Be6 19. Nd2 axb4 20. axb4 b5 21. Nc3 Qb7 22. Ra3 Bb8 23. Rda1 Rxa3 24. Rxa3 Bc7 25. Qe1 Ra8 26. Rxa8+ Qxa8 27. Qa1 Qxa1+ 28. Bxa1 Nd7 29. h4 f6 30. Nd1 Nb8 31. Ne3 Nf8 32. Kh2 Kf7 33. h5 g6 34. Bf3 Ba2 35. Bg4 Be6 36. Bd1 Ke7 37. Bc3 Bf7 38. h6 Kd7 39. Ng4 Ke7 40. f4 exf4 41. Bxf6+ Ke8 42. Be5 fxg3+ 43. Kxg3 Kd8 44. Bxc7+ Kxc7 45. Nf3 Nbd7 46. Ng5 Bg8 47. e5 Ne6 48. Bb3 Nxg5 49. Bxg8 Kd8 50. Kf4 Nh3+ 51. Ke4 1-0

[Event "Kowalewo Pomorskie op"]
[Site "Kowalewo Pomorskie"]
[Date "2008.07.07"]
[Round "5"]
[White "Zebracki, Jaroslaw"]
[Black "Sankiewicz, Grzegorz"]
[Result "0-1"]
[WhiteElo "1906"]
[BlackElo "2002"]
[PlyCount "94"]
[EventDate "2008.07.04"]
[EventType "swiss"]
[EventRounds "9"]
[EventCountry "POL"]
[SourceTitle "CBM 125 Extra"]
[Source "ChessBase"]
[SourceDate "2008.09.01"]
[SourceVersion "1"]
[SourceVersionDate "2008.09.01"]
[SourceQuality "1"]

1. e4 c5 2. c3 d5 3. exd5 Qxd5 4. d4 Nf6 5. Nf3 Nc6 6. Be2 e6 7. 0-0 Be7 8. Be3 cxd4 9. cxd4 Qd8 10. Nc3 0-0 11. Qb3 b6 12. Rad1 Bb7 13. Rfe1 Na5 14. Qc2 Rc8 15. Bg5 h6 16. Bxf6 Bxf6 17. Ne5 Bxe5 18. dxe5 Qg5 19. g3 Qxe5 20. Bg4 Qc7 21. Qe2 a6 22. f3 Nc4 23. Rc1 h5 24. Bh3 b5 25. Kg2 Qb6 26. b3 Nd6 27. Ne4 Nxe4 28. fxe4 f5 29. Rxc8 Bxe4+ 30. Qxe4 fxe4 31. Rxf8+ Kxf8 32. Rxe4 Qc6 33. Kf3 Qc3+ 34. Kf2 e5 35. Bg2 Ke7 36. Re3 Qd2+ 37. Re2 Qd4+ 38. Re3 g5 39. Be4 Kf6 40. h4 g4 41. Ba8 Kf5 42. Bb7 e4 43. Bxe4+ Qxe4 44. Rxe4 Kxe4 45. Ke2 b4 46. Kf2 Kd3 47. Kg2 Ke2 0-1